Nuevo diccionario de costarriqueñismos
Đã lưu trong:
| Tác giả chính: | |
|---|---|
| Định dạng: | Sách |
| Ngôn ngữ: | Spanish |
| Được phát hành: |
Cartago, Costa Rica
Editorial Tecnológica de Costa Rica
2007
|
| Những chủ đề: | |
| Các nhãn: |
Thêm thẻ
Không có thẻ, Là người đầu tiên thẻ bản ghi này!
|
MARC
| LEADER | 00000nam a22000007a 4500 | ||
|---|---|---|---|
| 008 | 180321b xxu||||| |||| 00| 0 spa d | ||
| 040 | |a cru BVZT | ||
| 090 | |a R-413 A-1d COSTAR. | ||
| 100 | |a Quesada Pacheco, Miguel Ángel | ||
| 245 | |a Nuevo diccionario de costarriqueñismos |c Miguel Ángel Quesada Pacheco | ||
| 260 | |a Cartago, Costa Rica |b Editorial Tecnológica de Costa Rica |c 2007 | ||
| 300 | |a 275 páginas | ||
| 650 | |a REFERENCIA | ||
| 650 | |a COSTARRIQUEÑISMOS | ||
| 650 | |a DICCIONARIO - ESPAÑOL | ||
| 942 | |c REF | ||
| 999 | |c 30440 |d 30440 | ||
